[Event "Oberliga Nord N 2122"]
[Site "Germany"]
[Date "2022.03.20"]
[Round "7.2"]
[White "Reinecker, Kai"]
[Black "Hochgraefe, Markus"]
[Result "1/2-1/2"]
[WhiteElo "2271"]
[BlackElo "2384"]
[PlyCount "96"]
[EventDate "2021.10.31"]
[EventType "team-tourn"]
[EventRounds "9"]
[EventCountry "GER"]
[SourceTitle "EXT 2023"]
[Source "ChessBase"]
[SourceDate "2022.10.05"]
[SourceVersion "1"]
[SourceVersionDate "2022.10.05"]
[SourceQuality "1"]
[WhiteTeam "Preetz"]
[BlackTeam "Hamburg Diogenes"]
[WhiteTeamCountry "GER"]
[BlackTeamCountry "GER"]

1. e4 c6 2. d4 d5 3. Nc3 dxe4 4. Nxe4 Nd7 5. Nf3 Ngf6 6. Nxf6+ Nxf6 7. Be2 Bf5 8. 0-0 e6 9. Bf4 Be7 10. c3 0-0 11. Qb3 Nh5 12. Be3 Qc7 13. Ne5 Nf6 14. g4 Be4 15. f3 Bg6 16. Bf4 Bd6 17. c4 c5 18. Nxg6 hxg6 19. Bxd6 Qxd6 20. dxc5 Qxc5+ 21. Kg2 b6 22. Rad1 Rfd8 23. Rd3 e5 24. Rfd1 Rd4 25. Qc3 Re8 26. R3d2 a5 27. a3 Rxd2 28. Rxd2 e4 29. b4 axb4 30. axb4 Qg5 31. Qd4 Kh7 32. Rc2 Nh5 33. fxe4 Nf6 34. e5 Qxe5 35. Qxe5 Rxe5 36. c5 bxc5 37. bxc5 Nd5 38. Kf2 g5 39. c6 Re7 40. Bf3 Nc7 41. Re2 Rxe2+ 42. Kxe2 Kg6 43. Ke3 Kf6 44. Kd4 Ne6+ 45. Kd5 Ke7 46. Be4 f6 47. Bf5 Nc7+ 48. Kc5 Na8 1/2-1/2

[Event "Oberliga Nord N 2122"]
[Site "Germany"]
[Date "2021.11.20"]
[Round "3.2"]
[White "Hochgraefe, Markus"]
[Black "Ritscher, Jan Paul"]
[Result "1/2-1/2"]
[WhiteElo "2384"]
[BlackElo "2269"]
[PlyCount "51"]
[EventDate "2021.10.31"]
[EventType "team-tourn"]
[EventRounds "9"]
[EventCountry "GER"]
[SourceTitle "EXT 2023"]
[Source "ChessBase"]
[SourceDate "2022.10.05"]
[SourceVersion "1"]
[SourceVersionDate "2022.10.05"]
[SourceQuality "1"]
[WhiteTeam "Hamburg Diogenes"]
[BlackTeam "Hamburg Schachfreunde"]
[WhiteTeamCountry "GER"]
[BlackTeamCountry "GER"]

1. Nf3 d5 2. d4 e6 3. c4 f5 4. Bg5 Nf6 5. e3 Be7 6. Bd3 0-0 7. 0-0 Ne4 8. Bxe7 Qxe7 9. Qc2 c6 10. Nbd2 Nd7 11. Rab1 Qd6 12. b4 b6 13. Rfc1 Bb7 14. a4 Rfc8 15. a5 Ba6 16. Qb3 Nxd2 17. Nxd2 dxc4 18. Nxc4 Bxc4 19. Bxc4 Kf7 20. Qd3 g6 21. e4 fxe4 22. Qxe4 Nf6 23. Qh4 Kg7 24. Re1 Re8 25. g3 Rad8 26. axb6 1/2-1/2

[Event "Hamburg HSK Christmas op 4th"]
[Site "Hamburg"]
[Date "2018.12.29"]
[Round "6"]
[White "Szobries, Torsten"]
[Black "Hochgraefe, Markus"]
[Result "0-1"]
[WhiteElo "2032"]
[BlackElo "2413"]
[PlyCount "84"]
[EventDate "2018.12.27"]
[EventType "swiss"]
[EventRounds "7"]
[EventCountry "GER"]
[SourceTitle "CBM 188 Extra"]
[Source "ChessBase"]
[SourceDate "2019.02.26"]
[SourceVersion "1"]
[SourceVersionDate "2019.02.26"]
[SourceQuality "1"]

1. Nf3 d5 2. e3 Nf6 3. c4 c6 4. Nc3 a6 5. Be2 dxc4 6. Bxc4 b5 7. Bb3 e6 8. 0-0 c5 9. Qe2 Bb7 10. d3 Nc6 11. a4 Na5 12. Bc2 b4 13. Ne4 Nxe4 14. dxe4 c4 15. Nd4 e5 16. Nf5 g6 17. Ng3 Bc5 18. Kh1 h5 19. Rd1 Qe7 20. h3 Qh4 21. Bd2 Rc8 22. Be1 Qf6 23. Rac1 0-0 24. Nf1 Rc7 25. f4 exf4 26. exf4 Qxb2 27. Rb1 Qf6 28. Bxb4 Bxb4 29. Rxb4 Qxf4 30. Rb6 Re8 31. Qe1 c3 32. Rd4 Rce7 33. Kg1 Qe5 34. Qe3 Qc7 35. Rbb4 Qc5 36. Kh1 Kg7 37. Ng3 h4 38. Ne2 Bxe4 39. Bxe4 Rxe4 40. Qxc3 Qxc3 41. Nxc3 Re1+ 42. Kh2 Nc6 0-1

[Event "Hamburg HSK Christmas op 4th"]
[Site "Hamburg"]
[Date "2018.12.27"]
[Round "1"]
[White "Goltser, Ilja"]
[Black "Hochgraefe, Markus"]
[Result "0-1"]
[WhiteElo "1744"]
[BlackElo "2413"]
[PlyCount "76"]
[EventDate "2018.12.27"]
[EventType "swiss"]
[EventRounds "7"]
[EventCountry "GER"]
[SourceTitle "CBM 188 Extra"]
[Source "ChessBase"]
[SourceDate "2019.02.26"]
[SourceVersion "1"]
[SourceVersionDate "2019.02.26"]
[SourceQuality "1"]

1. e4 e6 2. d4 d5 3. Nc3 Bb4 4. e5 c5 5. a3 Bxc3+ 6. bxc3 Ne7 7. Qg4 Kf8 8. Bd2 b6 9. Nf3 h6 10. Bd3 Ba6 11. 0-0 Qc7 12. Bxa6 Nxa6 13. Rac1 Nb8 14. h4 Nbc6 15. h5 Na5 16. Bf4 Kg8 17. Nh4 cxd4 18. cxd4 Nc4 19. Rfd1 Kh7 20. Rd3 Qd7 21. Rg3 Rhg8 22. Rd3 Rac8 23. Kh2 Rc6 24. Qh3 Rgc8 25. g4 Nb2 26. Rd2 Rc3 27. f3 Nc4 28. Rg2 Nxa3 29. g5 hxg5 30. Bxg5 Rxc2 31. Rcxc2 Rxc2 32. Bd2 Rc8 33. Qg4 Rg8 34. Qg5 Nf5 35. Nxf5 exf5 36. h6 g6 37. Bb4 Nb5 38. Qf6 Qe6 0-1

[Event "Oberliga Nord N 1819"]
[Site "Germany"]
[Date "2018.11.11"]
[Round "2.1"]
[White "Hochgraefe, Markus"]
[Black "Pfreundt, Jakob"]
[Result "1/2-1/2"]
[WhiteElo "2416"]
[BlackElo "2358"]
[PlyCount "35"]
[EventDate "2018.10.21"]
[EventType "team-tourn"]
[EventRounds "9"]
[EventCountry "GER"]
[SourceTitle "EXT 2020"]
[Source "ChessBase"]
[SourceDate "2019.10.17"]
[SourceVersion "1"]
[SourceVersionDate "2019.10.17"]
[SourceQuality "1"]
[WhiteTeam "Hamburg Diogenes"]
[BlackTeam "Hamburg Koenigsspringer"]
[WhiteTeamCountry "GER"]
[BlackTeamCountry "GER"]

1. Nf3 Nf6 2. c4 e6 3. g3 d5 4. Bg2 Be7 5. d4 0-0 6. 0-0 dxc4 7. Ne5 c5 8. dxc5 Qc7 9. Nxc4 Qxc5 10. b3 Rd8 11. Qc2 Nc6 12. Ba3 Nb4 13. Qc1 Qh5 14. Rd1 Bd7 15. Bf3 Qh3 16. Bg2 Qh5 17. Bf3 Qh3 18. Bg2 1/2-1/2

[Event "Hamburg HSK Christmas op 3rd"]
[Site "Hamburg"]
[Date "2017.12.29"]
[Round "5"]
[White "Hochgraefe, Markus"]
[Black "Genov, Petar"]
[Result "1/2-1/2"]
[WhiteElo "2411"]
[BlackElo "2457"]
[PlyCount "50"]
[EventDate "2017.12.27"]
[EventType "swiss"]
[EventRounds "7"]
[EventCountry "GER"]
[SourceTitle "CBM 182 Extra"]
[Source "ChessBase"]
[SourceDate "2018.02.23"]
[SourceVersion "1"]
[SourceVersionDate "2018.02.23"]
[SourceQuality "1"]

1. Nf3 Nf6 2. c4 b6 3. g3 Bb7 4. Bg2 e6 5. 0-0 Be7 6. d4 c6 7. Nc3 d5 8. b3 0-0 9. Qc2 Na6 10. Rd1 Rc8 11. e4 Nc7 12. Bb2 Nd7 13. Rac1 Ba6 14. exd5 cxd5 15. Ne5 Bb7 16. Qe2 Nf6 17. a3 Ba8 18. a4 a6 19. a5 bxa5 20. Na4 Rb8 21. Nc3 Rc8 22. c5 Rb8 23. Na4 Rxb3 24. Nb6 Bb7 25. Ra1 Bc8 1/2-1/2

[Event "Hamburg HSK Christmas op 3rd"]
[Site "Hamburg"]
[Date "2017.12.28"]
[Round "4"]
[White "Groetzbach, Daniel"]
[Black "Hochgraefe, Markus"]
[Result "0-1"]
[WhiteElo "2094"]
[BlackElo "2411"]
[PlyCount "58"]
[EventDate "2017.12.27"]
[EventType "swiss"]
[EventRounds "7"]
[EventCountry "GER"]
[SourceTitle "CBM 182 Extra"]
[Source "ChessBase"]
[SourceDate "2018.02.23"]
[SourceVersion "1"]
[SourceVersionDate "2018.02.23"]
[SourceQuality "1"]

1. e4 e6 2. d4 d5 3. exd5 exd5 4. Nf3 Bd6 5. Bd3 Bg4 6. Qe2+ Ne7 7. 0-0 Nbc6 8. c3 Qd7 9. Qe3 f6 10. h3 Bf5 11. Bxf5 Qxf5 12. Re1 0-0-0 13. Qe6+ Qxe6 14. Rxe6 h5 15. Nbd2 Kd7 16. Re1 g5 17. Nf1 Rdg8 18. g3 h4 19. Kg2 hxg3 20. fxg3 g4 21. hxg4 Rxg4 22. Be3 Nf5 23. N3h2 Rg7 24. Bf2 Rhg8 25. g4 Nh6 26. Kf3 Ne7 27. Bh4 Nxg4 28. Nxg4 Rxg4 29. Bf2 Rf4+ 0-1

[Event "Oberliga Nord N 1617"]
[Site "Germany"]
[Date "2017.01.15"]
[Round "4.1"]
[White "Hochgraefe, Markus"]
[Black "Hagenstein, Frank"]
[Result "1-0"]
[WhiteElo "2404"]
[BlackElo "2266"]
[PlyCount "47"]
[EventDate "2016.10.16"]
[EventType "team-tourn"]
[EventRounds "9"]
[EventCountry "GER"]
[SourceTitle "EXT 2018"]
[Source "ChessBase"]
[SourceDate "2017.10.13"]
[SourceVersion "1"]
[SourceVersionDate "2017.10.13"]
[SourceQuality "1"]
[WhiteTeam "Hamburg Diogenes"]
[BlackTeam "Neumuenster Agon"]
[WhiteTeamCountry "GER"]
[BlackTeamCountry "GER"]

1. Nf3 c5 2. c4 Nc6 3. Nc3 e5 4. e3 Nf6 5. Be2 d5 6. d4 exd4 7. exd4 Be6 8. cxd5 Nxd5 9. 0-0 cxd4 10. Nxd4 Nxc3 11. bxc3 Nxd4 12. cxd4 Be7 13. Qa4+ Bd7 14. Qb3 0-0 15. Bf3 Bd6 16. Qxb7 Rc8 17. Be3 Rc7 18. Qb3 Qh4 19. g3 Qf6 20. Bg2 Rfc8 21. Qd5 Ba3 22. Rab1 Qa6 23. Qb3 Bf5 24. Bb7 1-0

[Event "Hamburg HSK op"]
[Site "Hamburg"]
[Date "2016.12.29"]
[Round "6"]
[White "Huschenbeth, Niclas"]
[Black "Hochgraefe, Markus"]
[Result "1-0"]
[WhiteElo "2548"]
[BlackElo "2400"]
[PlyCount "75"]
[EventDate "2016.12.27"]
[EventType "swiss"]
[EventRounds "7"]
[EventCountry "GER"]
[SourceTitle "CBM 176 Extra"]
[Source "ChessBase"]
[SourceDate "2017.03.02"]
[SourceVersion "1"]
[SourceVersionDate "2017.03.02"]
[SourceQuality "1"]

1. e4 e6 2. d4 d5 3. Nd2 Nf6 4. e5 Nfd7 5. c3 c5 6. Bd3 Nc6 7. Ne2 cxd4 8. cxd4 f6 9. exf6 Nxf6 10. 0-0 Bd6 11. Nf3 0-0 12. Bf4 Bxf4 13. Nxf4 Ne4 14. Qc1 Ng5 15. Nxg5 Qxg5 16. Bxh7+ Kxh7 17. Nxe6 Qf5 18. Nxf8+ Qxf8 19. Qg5 Bf5 20. Rfe1 Rd8 21. Re3 Rd6 22. Rf3 Rf6 23. Re1 Qf7 24. Rf4 Qg6 25. Qxg6+ Kxg6 26. f3 Nb4 27. Re3 Nxa2 28. Re7 Re6 29. Rc7 Rb6 30. g4 Be6 31. Kg2 Rc6 32. Re7 Nc1 33. h4 Ne2 34. Rf8 Nxd4 35. h5+ Kg5 36. Kh3 g6 37. f4+ Kh6 38. Rh8# 1-0

[Event "Hamburg HSK op"]
[Site "Hamburg"]
[Date "2016.12.27"]
[Round "1"]
[White "Hochgraefe, Markus"]
[Black "Schulz, Hans Juergen"]
[Result "1-0"]
[WhiteElo "2400"]
[BlackElo "1880"]
[PlyCount "49"]
[EventDate "2016.12.27"]
[EventType "swiss"]
[EventRounds "7"]
[EventCountry "GER"]
[SourceTitle "CBM 176 Extra"]
[Source "ChessBase"]
[SourceDate "2017.03.02"]
[SourceVersion "1"]
[SourceVersionDate "2017.03.02"]
[SourceQuality "1"]

1. Nf3 d5 2. d4 Nf6 3. c4 e6 4. Nc3 Be7 5. Bf4 0-0 6. e3 b6 7. cxd5 exd5 8. Bd3 Ba6 9. Bxa6 Nxa6 10. Qe2 Nb8 11. 0-0 Nbd7 12. Qb5 c5 13. Rfd1 a6 14. Qc6 Rc8 15. Qb7 cxd4 16. exd4 Nb8 17. Rac1 Qd7 18. Qxb6 Qf5 19. Be5 Rc6 20. Qb7 Bd6 21. Nxd5 Rxc1 22. Rxc1 Nxd5 23. Bxd6 Nf4 24. Re1 Rd8 25. Bxb8 1-0

[Event "Bargteheide op"]
[Site "Bargteheide"]
[Date "2016.05.06"]
[Round "4"]
[White "Hochgraefe, Markus"]
[Black "Ritscher, Jan Paul"]
[Result "1-0"]
[WhiteElo "2383"]
[BlackElo "2248"]
[PlyCount "311"]
[EventDate "2016.05.05"]
[EventType "swiss"]
[EventRounds "7"]
[EventCountry "GER"]
[SourceTitle "CBM 172 Extra"]
[Source "ChessBase"]
[SourceDate "2016.06.21"]
[SourceVersion "1"]
[SourceVersionDate "2016.06.21"]
[SourceQuality "1"]

1. c4 e6 2. Nf3 d5 3. g3 Nf6 4. Bg2 Nbd7 5. 0-0 c6 6. Qc2 Be7 7. d4 Ne4 8. Nfd2 Nxd2 9. Nxd2 0-0 10. e4 dxe4 11. Nxe4 Nf6 12. Rd1 Nxe4 13. Bxe4 h6 14. Bf4 Bf6 15. Be5 Bd7 16. c5 Be7 17. Qe2 Qe8 18. Bc2 f6 19. Qd3 g6 20. Bf4 Kg7 21. Re1 Rd8 22. Qa3 Bc8 23. Rad1 a6 24. Qe3 g5 25. Bc7 Rd7 26. Ba5 Bd8 27. Bc3 Re7 28. Qe4 Kh8 29. h4 Rg7 30. hxg5 hxg5 31. Kg2 Qd7 32. Rh1+ Kg8 33. Qe2 g4 34. Bb3 Kf7 35. Rh6 Rfg8 36. Re1 Rg6 37. Rh7+ R6g7 38. Rh6 Rg6 39. Rh7+ R6g7 40. Rhh1 Re8 41. Qe4 Reg8 42. Qf5 Qe8 43. Bd2 Bc7 44. Rh6 Qe7 45. Qh5+ Kf8 46. Qh4 Bd8 47. Bf4 Qf7 48. Be5 Rg6 49. Rh7 R6g7 50. Bd6+ Ke8 51. Rh6 Rg6 52. Rxg6 Rxg6 53. Qh5 f5 54. Qh8+ Rg8 55. Qe5 Rg6 56. d5 cxd5 57. Bxd5 Rh6 58. b4 Qh7 59. Kg1 Bg5 60. a3 Kf7 61. Bg2 Qh8 62. Qxh8 Rxh8 63. a4 Bd2 64. Rb1 Rd8 65. b5 a5 66. b6 Bb4 67. Bc7 Rd2 68. c6 bxc6 69. Bxc6 Rc2 70. Bg2 Ra2 71. b7 Bxb7 72. Bxb7 Rxa4 73. Be5 Ra2 74. Rc1 Rd2 75. Rc7+ Kf8 76. Bc8 Re2 77. Bf6 f4 78. gxf4 Bd6 79. Rc4 Kf7 80. Be5 Bxe5 81. fxe5 Rxe5 82. Rxg4 Rc5 83. Bd7 Kf6 84. Kg2 Rc7 85. Ba4 Kf5 86. Rh4 e5 87. Rh8 Rc4 88. Bd7+ Kf6 89. Ra8 Rc5 90. Kf3 Ke7 91. Ra7 Kf6 92. Kg2 Kg5 93. Ra6 Kf4 94. Rf6+ Ke4 95. Rc6 Rd5 96. Be6 Rb5 97. Ra6 Rc5 98. Kg3 Kd4 99. Kg4 Kc3 100. Bd7 Kd3 101. Rb6 a4 102. Ra6 Ke2 103. Rxa4 Kxf2 104. Kf5 Ke3 105. Re4+ Kd3 106. Be6 Kc3 107. Bf7 Ra5 108. Bh5 Rc5 109. Bf3 Ra5 110. Be2 Rc5 111. Bf1 Kd2 112. Ke6 Ra5 113. Bc4 Kc3 114. Bd5 Kd3 115. Kxe5 Ra1 116. Rb4 Re1+ 117. Be4+ Kc3 118. Rb8 Kc4 119. Rc8+ Kb5 120. Rc2 Kb6 121. Kd4 Rd1+ 122. Kc4 Rg1 123. Rb2+ Kc7 124. Kc5 Rc1+ 125. Kd5 Rg1 126. Rc2+ Kd7 127. Bf5+ Ke7 128. Ke5 Re1+ 129. Be4 Kd7 130. Rc3 Ra1 131. Bf5+ Kd8 132. Rc8+ Ke7 133. Rc7+ Kd8 134. Rd7+ Ke8 135. Kf6 Ra6+ 136. Be6 Ra1 137. Rc7 Rd1 138. Rc8+ Rd8 139. Rc2 Rd1 140. Rc3 Rf1+ 141. Bf5 Rd1 142. Rc2 Rd6+ 143. Ke5 Rd1 144. Ke6 Re1+ 145. Kf6 Rd1 146. Rc8+ Rd8 147. Rc7 Rd1 148. Rc2 Rd6+ 149. Be6 Rd1 150. Rh2 Kd8 151. Rc2 Ke8 152. Ra2 Rf1+ 153. Ke5 Re1+ 154. Kd6 Rd1+ 155. Bd5 Kf8 156. Rg2 1-0

[Event "Oberliga Nord N 1516"]
[Site "Germany"]
[Date "2016.04.10"]
[Round "9.1"]
[White "Hochgraefe, Markus"]
[Black "Schmidt, Harald"]
[Result "1-0"]
[WhiteElo "2352"]
[BlackElo "2358"]
[PlyCount "69"]
[EventDate "2015.09.20"]
[EventType "team-tourn"]
[EventRounds "9"]
[EventCountry "GER"]
[SourceTitle "EXT 2017"]
[Source "ChessBase"]
[SourceDate "2016.10.25"]
[SourceVersion "1"]
[SourceVersionDate "2016.10.25"]
[SourceQuality "1"]
[WhiteTeam "Hamburg Diogenes"]
[BlackTeam "Luebeck"]
[WhiteTeamCountry "GER"]
[BlackTeamCountry "GER"]

1. Nf3 Nf6 2. c4 e6 3. Nc3 d5 4. d4 Be7 5. Bf4 0-0 6. a3 c5 7. dxc5 Bxc5 8. e3 a6 9. Qc2 dxc4 10. Bxc4 b5 11. Be2 Nbd7 12. 0-0 Bb7 13. Rfd1 Qb6 14. Ng5 h6 15. Nge4 Be7 16. Nd6 e5 17. Nf5 Qe6 18. Nxe7+ Qxe7 19. Bg3 Nc5 20. Rac1 Rac8 21. Qf5 Rfe8 22. Bh4 Qe6 23. Qxe6 fxe6 24. f3 e4 25. f4 Nd5 26. Nxd5 Bxd5 27. Rxd5 exd5 28. Bg4 g5 29. fxg5 hxg5 30. Be1 Nd3 31. Rxc8 Rxc8 32. Bxc8 Nxe1 33. Bxa6 Kf7 34. Bxb5 Ke6 35. Kf2 1-0

[Event "Oberliga Nord N 1516"]
[Site "Germany"]
[Date "2016.03.13"]
[Round "8.1"]
[White "Stopa, Jacek"]
[Black "Hochgraefe, Markus"]
[Result "1/2-1/2"]
[WhiteElo "2460"]
[BlackElo "2352"]
[PlyCount "69"]
[EventDate "2015.09.20"]
[EventType "team-tourn"]
[EventRounds "9"]
[EventCountry "GER"]
[SourceTitle "EXT 2017"]
[Source "ChessBase"]
[SourceDate "2016.10.25"]
[SourceVersion "1"]
[SourceVersionDate "2016.10.25"]
[SourceQuality "1"]
[WhiteTeam "Kiel Turm"]
[BlackTeam "Hamburg Diogenes"]
[WhiteTeamCountry "GER"]
[BlackTeamCountry "GER"]

1. d4 d5 2. c4 c6 3. Nc3 Nf6 4. Nf3 a6 5. g3 dxc4 6. a4 e6 7. Bg2 c5 8. dxc5 Qxd1+ 9. Nxd1 Bd7 10. Ne5 Nc6 11. Nxc4 Bxc5 12. Be3 Bxe3 13. Ndxe3 Ke7 14. 0-0 Rhd8 15. Nb6 Rab8 16. Nec4 Be8 17. e3 Nd7 18. a5 Nde5 19. Rfc1 Nxc4 20. Nxc4 Na7 21. Ra3 Bc6 22. Nb6 Ke8 23. Rb3 f6 24. Bxc6+ Nxc6 25. Rc5 Rd1+ 26. Kg2 Rbd8 27. Na4 R8d7 28. Nb6 R7d3 29. Rxd3 Rxd3 30. Kf3 Rb3 31. Nc4 Ke7 32. Ke4 Rb5 33. Rxb5 axb5 34. Na3 Nxa5 35. Nxb5 1/2-1/2

[Event "Oberliga Nord N 1516"]
[Site "Germany"]
[Date "2016.02.21"]
[Round "7.1"]
[White "Hochgraefe, Markus"]
[Black "Hebbinghaus, Holger"]
[Result "1-0"]
[WhiteElo "2369"]
[BlackElo "2222"]
[PlyCount "89"]
[EventDate "2015.09.20"]
[EventType "team-tourn"]
[EventRounds "9"]
[EventCountry "GER"]
[SourceTitle "EXT 2017"]
[Source "ChessBase"]
[SourceDate "2016.10.25"]
[SourceVersion "1"]
[SourceVersionDate "2016.10.25"]
[SourceQuality "1"]
[WhiteTeam "Hamburg Diogenes"]
[BlackTeam "Marmstorf"]
[WhiteTeamCountry "GER"]
[BlackTeamCountry "GER"]

1. d4 e6 2. c4 f5 3. g3 Nf6 4. Bg2 c6 5. Nf3 d5 6. 0-0 Bd6 7. Qc2 0-0 8. Nc3 Ne4 9. Rb1 Nd7 10. b4 Ndf6 11. c5 Bc7 12. b5 Nxc3 13. Qxc3 cxb5 14. Rxb5 Ne4 15. Qa3 b6 16. Bf4 Bd7 17. Rb2 Bxf4 18. gxf4 Qe7 19. Ne5 Rfc8 20. Rc1 Be8 21. Bxe4 fxe4 22. Rb3 Bh5 23. Rc2 Qf6 24. Qc1 bxc5 25. dxc5 d4 26. c6 d3 27. exd3 exd3 28. Rxd3 Bg6 29. Nxg6 Qxg6+ 30. Rg3 Qf6 31. c7 a5 32. Rgc3 h6 33. h3 Qg6+ 34. Kh2 Kh7 35. Rc6 Qf7 36. Qe3 a4 37. Qe4+ Qg6 38. Rxe6 Qxe4 39. Rxe4 Ra7 40. Re7 a3 41. f5 Ra6 42. Rd7 Rb6 43. Rd8 Rb2 44. Rc1 Rxf2+ 45. Kg3 1-0

[Event "Oberliga Nord N 1516"]
[Site "Germany"]
[Date "2016.01.31"]
[Round "6.1"]
[White "Socko, Monika"]
[Black "Hochgraefe, Markus"]
[Result "1-0"]
[WhiteElo "2437"]
[BlackElo "2388"]
[PlyCount "70"]
[EventDate "2015.09.20"]
[EventType "team-tourn"]
[EventRounds "9"]
[EventCountry "GER"]
[SourceTitle "EXT 2017"]
[Source "ChessBase"]
[SourceDate "2016.10.25"]
[SourceVersion "1"]
[SourceVersionDate "2016.10.25"]
[SourceQuality "1"]
[WhiteTeam "St Pauli"]
[BlackTeam "Hamburg Diogenes"]
[WhiteTeamCountry "GER"]
[BlackTeamCountry "GER"]

1. e4 c6 2. d4 d5 3. exd5 cxd5 4. Bd3 Nc6 5. c3 Nf6 6. h3 e5 7. dxe5 Nxe5 8. Bb5+ Nc6 9. Nf3 a6 10. Bd3 Bc5 11. 0-0 0-0 12. Nbd2 Qd6 13. b4 Bb6 14. Nc4 Qd8 15. Nxb6 Qxb6 16. Bf4 Re8 17. Qc2 Bd7 18. a3 h6 19. Rfe1 Rac8 20. Qd2 Rxe1+ 21. Rxe1 Re8 22. Rxe8+ Bxe8 23. Qe2 Qd8 24. Ne5 Nxe5 25. Bxe5 Bc6 26. Qe3 Qe7 27. Qf4 Nd7 28. Bd4 Nf8 29. Bf5 Qe8 30. Qg3 g6 31. Qh4 Nh7 32. Qxh6 Qf8 33. Qf4 Qe8 34. Bd3 Bb5 35. Bxb5 axb5 1-0

[Event "Oberliga Nord N 1516"]
[Site "Germany"]
[Date "2015.11.15"]
[Round "3.1"]
[White "Hochgraefe, Markus"]
[Black "Krause, Jonah"]
[Result "1/2-1/2"]
[WhiteElo "2351"]
[BlackElo "2279"]
[PlyCount "117"]
[EventDate "2015.09.20"]
[EventType "team-tourn"]
[EventRounds "9"]
[EventCountry "GER"]
[SourceTitle "CBM 170 Extra"]
[Source "ChessBase"]
[SourceDate "2016.02.25"]
[SourceVersion "1"]
[SourceVersionDate "2016.02.25"]
[SourceQuality "1"]
[WhiteTeam "Hamburg Diogenes"]
[BlackTeam "Bargteheide"]
[WhiteTeamCountry "GER"]
[BlackTeamCountry "GER"]

1. e4 c6 2. d4 d5 3. exd5 cxd5 4. c4 Nf6 5. Nc3 Nc6 6. Nf3 Bg4 7. cxd5 Nxd5 8. Qb3 Bxf3 9. gxf3 e6 10. Qxb7 Nxd4 11. Bb5+ Nxb5 12. Qc6+ Ke7 13. Qxb5 Qd7 14. Nxd5+ Qxd5 15. Bg5+ f6 16. Qxd5 exd5 17. Be3 Ke6 18. 0-0-0 Bb4 19. a3 Rhc8+ 20. Kb1 Bc5 21. Rhe1 Bxe3 22. Rxe3+ Kd6 23. Rde1 Rc4 24. Re7 Rf4 25. R1e6+ Kc5 26. Rxg7 Rxf3 27. Rc7+ Kd4 28. Re2 Rh3 29. Rd7 Kd3 30. Re1 d4 31. Rd1+ Ke2 32. R1xd4 Rxh2 33. Re7+ Kf1 34. f4 Re2 35. Rxh7 Rb8 36. b4 a5 37. Rh5 axb4 38. Rxb4 Rxb4+ 39. axb4 Re4 40. b5 Ke2 41. Kc2 Rxf4 42. Rc5 Ke3 43. Rc3+ Ke2 44. Kb3 Rd4 45. Rc5 Kd3 46. Rf5 Rd6 47. Kb4 Kd4 48. Rf1 Ke5 49. Re1+ Kf4 50. Rf1+ Ke5 51. Kc5 Rd8 52. b6 Rc8+ 53. Kb5 f5 54. b7 Rb8 55. Kc6 f4 56. Kc7 Rxb7+ 57. Kxb7 Ke4 58. Kc6 f3 59. Rxf3 1/2-1/2

[Event "Oberliga Nord N 1415"]
[Site "Germany"]
[Date "2015.02.01"]
[Round "6.1"]
[White "Pedersen, Steffen"]
[Black "Hochgraefe, Markus"]
[Result "0-1"]
[WhiteElo "2420"]
[BlackElo "2316"]
[PlyCount "86"]
[EventDate "2014.09.21"]
[EventType "team-tourn"]
[EventRounds "9"]
[EventCountry "GER"]
[SourceTitle "EXT 2016"]
[Source "ChessBase"]
[SourceDate "2015.10.08"]
[SourceVersion "1"]
[SourceVersionDate "2015.10.08"]
[SourceQuality "1"]
[WhiteTeam "Preetz"]
[BlackTeam "Hamburg Diogenes"]
[WhiteTeamCountry "GER"]
[BlackTeamCountry "GER"]

1. d4 d5 2. c4 c6 3. Nc3 Nf6 4. e3 a6 5. Nf3 e6 6. b3 c5 7. cxd5 exd5 8. Be2 Nc6 9. 0-0 cxd4 10. exd4 Bb4 11. Qd3 0-0 12. Be3 g6 13. Na4 Qd6 14. Qd1 Ng4 15. Qc1 Nxe3 16. fxe3 Re8 17. a3 Ba5 18. Nc5 Qe7 19. Kf2 Bb6 20. b4 a5 21. b5 Nxd4 22. exd4 Qxe2+ 23. Kg1 Bg4 24. Re1 Qc4 25. Qxc4 dxc4 26. Ne5 Be6 27. Rac1 Red8 28. Nxe6 fxe6 29. Rxc4 Rxd4 30. Rxd4 Bxd4+ 31. Kf1 a4 32. Re4 Bc5 33. Nd7 Bxa3 34. Nb6 Rf8+ 35. Ke2 Rf5 36. Rxe6 Rxb5 37. Nxa4 Rb3 38. Rb6 Rxb6 39. Nxb6 Kf7 40. Kd3 Bc5 41. Nd5 Ke6 42. Kc4 Bd6 43. h4 h5 0-1

[Event "Oberliga Nord N 1415"]
[Site "Germany"]
[Date "2014.10.19"]
[Round "2.1"]
[White "Voelzke, Ferdinand"]
[Black "Hochgraefe, Markus"]
[Result "0-1"]
[WhiteElo "2170"]
[BlackElo "2316"]
[PlyCount "56"]
[EventDate "2014.09.21"]
[EventType "team-tourn"]
[EventRounds "9"]
[EventCountry "GER"]
[SourceTitle "EXT 2016"]
[Source "ChessBase"]
[SourceDate "2015.10.08"]
[SourceVersion "1"]
[SourceVersionDate "2015.10.08"]
[SourceQuality "1"]
[WhiteTeam "Kiel Turm"]
[BlackTeam "Hamburg Diogenes"]
[WhiteTeamCountry "GER"]
[BlackTeamCountry "GER"]

1. Nf3 d5 2. g3 c6 3. Bg2 Nf6 4. 0-0 Bg4 5. d4 e6 6. Nbd2 Be7 7. Re1 0-0 8. e4 a5 9. c3 a4 10. Qc2 Nbd7 11. Ne5 Nxe5 12. dxe5 Nd7 13. h3 Bh5 14. f4 Bc5+ 15. Kh2 Bf2 16. Rf1 Bb6 17. c4 d4 18. Bf3 Bxf3 19. Rxf3 Nc5 20. b4 axb3 21. Nxb3 d3 22. Qd1 Nxb3 23. Qxb3 Qd4 24. Bb2 Qc5 25. Qxd3 Rxa2 26. Qb1 Qxc4 27. Kh1 Qe2 28. Rb3 Rxa1 0-1

[Event "Hamburg HSK Summer rapid op 1st"]
[Site "Hamburg"]
[Date "2014.07.06"]
[Round "3"]
[White "Faika, Michael"]
[Black "Hochgraefe, Markus"]
[Result "1/2-1/2"]
[WhiteElo "2151"]
[BlackElo "2336"]
[PlyCount "153"]
[EventDate "2014.07.06"]
[EventType "swiss (rapid)"]
[EventRounds "9"]
[EventCountry "GER"]
[SourceTitle "EXT 2022"]
[Source "ChessBase"]
[SourceDate "2021.10.06"]
[SourceVersion "1"]
[SourceVersionDate "2021.10.06"]
[SourceQuality "1"]

1. Nc3 d5 2. e4 c6 3. d4 dxe4 4. f3 e5 5. d5 exf3 6. Nxf3 Nf6 7. Bc4 Bb4 8. Bg5 cxd5 9. Bxf6 Qxf6 10. Qxd5 Bxc3+ 11. bxc3 Nc6 12. Bb5 0-0 13. Bxc6 Qxc6 14. Qxc6 bxc6 15. Nxe5 c5 16. 0-0-0 Be6 17. Rd6 Rfe8 18. Rhd1 Bxa2 19. Nd7 h6 20. Nxc5 Rac8 21. Na4 Rc7 22. Rd7 Rec8 23. Rxc7 Rxc7 24. Rd8+ Kh7 25. Kd2 g5 26. Nb2 Kg7 27. Rd4 Be6 28. c4 f5 29. Kc3 Kf6 30. g3 a5 31. Rd6 f4 32. gxf4 gxf4 33. Ra6 f3 34. Kd3 Rc5 35. Ke3 Rf5 36. Nd3 Kf7 37. Ra7+ Kf6 38. Ra6 Ke7 39. Ra7+ Bd7 40. c5 f2 41. Nxf2 Rxc5 42. Ne4 Rxc2 43. Rxa5 Rxh2 44. Kf4 Rh4+ 45. Ke3 Bc6 46. Ra7+ Ke6 47. Nc5+ Kd5 48. Nd3 Rh3+ 49. Kd2 Rf3 50. Ra5+ Kd6 51. Ne5 Rf6 52. Nxc6 Re6 53. Nd4 Re5 54. Ra6+ Kd5 55. Nf3 Rf5 56. Ke3 Rf8 57. Rxh6 Re8+ 58. Kd3 Rf8 59. Rh5+ Kd6 60. Nd4 Rg8 61. Kc4 Rc8+ 62. Kd3 Rg8 63. Rh6+ Kd5 64. Rh5+ Kd6 65. Nf5+ Ke6 66. Ke4 Rg4+ 67. Kf3 Ra4 68. Ne3 Kf6 69. Nd5+ Ke6 70. Nf4+ Kd6 71. Kg4 Kc6 72. Rh6+ Kc5 73. Kf5 Ra1 74. Ne6+ Kc4 75. Rh4+ Kd5 76. Nf4+ Kc5 77. Ne6+ 1/2-1/2